La patología de la sociedad : diagnóstico y terapeútica /

Uloženo v:
Podrobná bibliografie
Hlavní autor: Siri, Carlos Alberto (autor)
Médium: Kniha
Jazyk:španělština
Vydáno: México : edición de autor, 1978, c1978
Témata:
Tagy: Přidat tag
Žádné tagy, Buďte první, kdo vytvoří štítek k tomuto záznamu!

MARC

LEADER 00000nam^a2200000^a^4500
001 000272054
005 20250521000000.0
009 20260310111048.048
025 |a Donación Jesús Vergara Aceves, 1 ejemplar 
037 |a Acervo Xavier Clavigero 
041 |a ESP 
082 |a 302. 17  |b SIR 
100 |a Siri, Carlos Alberto  |e (autor) 
245 1 3 |a La patología de la sociedad :  |b diagnóstico y terapeútica /  |c C.A. Siri. 
264 4 |a México :  |b edición de autor,  |c 1978, c1978 
300 |a 178 p. 
336 |a texto  |b txt  |2 rdacontenido 
337 |a sin mediación  |b n  |2 rdamedio 
338 |a volumen  |b nc  |2 rdasoporte 
649 |a XX 
650 |a Comportamiento Social -  |x Tema Principal 
650 |a Participación Social 
650 |a Sociedad 
650 |a Estado, El 
650 |a Cristianismo y Sociedad 
650 |a Psicología Social 
650 |a Sociología 
910 |a Fondo Jesús Vergara Aceves S.J. 
920 |a Impresos - Libros 
930 |a Fondos Especiales 
905 |a 119 
901 |a 0500157966  |b IT2  |c ESP  |i D  |u 20250521 
901 |a 036167  |b IT2  |c ESP  |i D  |u 20250521 
902 |a https://opac.biblio.iteso.mx/vufind/Record/000272054